000 00370nam a22001577a 4500
003 MPLRDC
005 20220104123415.0
008 210129b ||||| |||| 00| 0 eng d
082 _a474.1 MY
100 _a万言
245 _a装拆组合式家具
_c
260 _a
_b香港万里书店
_c1979
300 _b
650 _a方法与技术
942 _cBK
_o474.1 MY
999 _c11179
_d11169